000
00206 a2200097 4500
001
46358
100
_a
Latorse, R
245
_a
Sexual Identity
260
_a
Chicago
_b
Nelson Hall
_c
090
_c
29475
_d
29475
942
_a
NUST-CAE
_c
M
_c
21641
999
_c
281431
_d
281431